Δημόσιες επιχειρήσεις : θεωρητική και εφαρμοσμένη προσέγγιση

Αποθηκεύτηκε σε:
Λεπτομέρειες βιβλιογραφικής εγγραφής
Κύριος συγγραφέας: Ευθύμογλου, Πρόδρομος Γ.
Άλλοι συγγραφείς: Ξεπαπαδέας, Αναστάσιος Π.
Μορφή: Βιβλίο
Γλώσσα:Greek
Δημοσίευση: Πειραιάς : Α. Σταμούλης, 1990.
Θέματα:
Ετικέτες: Προσθήκη ετικέτας
Δεν υπάρχουν, Καταχωρήστε ετικέτα πρώτοι!

MARC

LEADER 00000cam a2200000 i 4500
001 1/51125
008 941103s1990 gr | ||| |||| ||gre||
035 |a 1992  |c ΔΩΡΕΑ  |l 10044059 
040 |a GR-MyUa  |b gre  |e AACR2 
041 0 |a gre 
082 7 |a 659.2   |2 (22)  
100 1 |a Ευθύμογλου, Πρόδρομος Γ. 
245 1 0 |a Δημόσιες επιχειρήσεις :   |b θεωρητική και εφαρμοσμένη προσέγγιση /   |c Πρόδρομος Γ. Ευθύμογλου, Αναστάσιος Π. Ξεπαπαδέας.  
260 |a Πειραιάς :   |b Α. Σταμούλης,   |c 1990.  
300 |a 311 σ. ;   |c 24 εκ.  
504 |a Βιβλιογραφία: σ. 307-311.  
650 0 |a Public administration. 
650 0 |a Government business enterprises. 
700 1 |a Ξεπαπαδέας, Αναστάσιος Π. 
852 |a INST  |b CHIOS  |e 19960513  |h 338.62 ΕΥΘ  |p 005200000070  |q 005200000070  |t BK  |y 0 
852 |a INST  |b CHIOS  |e 19960731  |h 338.62 ΕΥΘ  |p 005200009470  |q 005200009470  |t BK  |y 0 
852 |a INST  |b CHIOS  |e 19960731  |h 338.62 ΕΥΘ  |p 005200009471  |q 005200009471  |t BK  |y 0 
852 |a INST  |b CHIOS  |e 20090924  |h 338.62 ΕΥΘ  |p 005200029758  |q 005200029758  |t BK  |y 0 
852 |a INST  |b CHIOS  |c EUDOXUS  |e 20130215  |h 338.62 ΕΥΘ  |p 005200034275  |q 005200034275  |t EDX  |y 0 
852 |a INST  |b RHODES  |e 20010329  |h 659.2 ΕΥΘ  |p 005400017043  |q 005400017043  |t BK  |y 0 
852 |a INST  |b SAMOS  |e 19941103  |h 338.62 ΕΥΘ  |p 005300004912  |q 005300004912  |t BK  |y 0 
852 |a INST  |b SYROS  |e 20030319  |h 338.62 ΕΥΘ  |p 005500002457  |q 005500002457  |t BK  |y 0 
901 |a BIBL5-2003-1 
901 |a BIBL4-2001-1 
901 |a BIBL2-2009-3 
901 |a BIBL2-2013-1 
920 |a Εύδοξος  |b Παραγγελία  |y Χίος-ΤΔΕ  |z 2013-02 
970 |a Μανωλαράκη  |b Μαρία  |z 19/03/2003